000 00902nam a2200265Ia 4500
003 OSt
005 20221005110540.0
006 a|||||r|||| 00| 0
007 ta
008 221004b |||||||| |||| 00| 0 hin d
020 _a8177830562 (hbk)
_cIndian Rupees 250
024 _a41107
037 _bGift, 10/01/2019,
_cTextual
040 _aCRL
_cCRL
_bhin
041 _2hin
_ahin
082 _aP152:g, P3
100 _aमलिक मोहम्मद, ले.
245 0 _aहिन्दी की संस्कृति
246 _aHindī kī sanskṛuti
260 _aनई दिल्ली
_bप्रवीण प्रकाशन भारत
_c2003
300 _a227पृ0
_ccm.
650 _aहिन्दी भाषा
942 _hP152:g, P3
_cTEXL
_2cc
999 _c1019166
_d1019166